Solar Thermal Engineering: Space Heating and Hot Water Systems /

Guardado en:
书目详细资料
主要作者: Lunde, Peter J. (autor)
格式: 图书
语言:英语
出版: Nueva York, EUA : Wiley, 1980
主题:
标签: 添加标签
没有标签, 成为第一个标记此记录!

MARC

LEADER 00000nam^a2200000^a^4500
001 000025944
005 20250521000000.0
009 20260310084710.134
020 |a 0-471-08233-3 
037 |a Acervo ITESO - Biblioteca 
041 |a ING 
082 |a 621. 477  |b LUN 
100 |a Lunde, Peter J.  |e (autor) 
245 1 0 |a Solar Thermal Engineering: Space Heating and Hot Water Systems /  |c P.J. Lunde. 
264 1 |a Nueva York, EUA :  |b Wiley,  |c 1980 
300 |a 612 p. 
336 |a texto  |b txt  |2 rdacontenido 
337 |a sin mediación  |b n  |2 rdamedio 
338 |a volumen  |b nc  |2 rdasoporte 
649 |a XX 
650 |a Calefacción 
650 |a Energía Solar 
910 |a Fondo General 
920 |a Impresos - Libros 
930 |a Colección General 
905 |a 101 
901 |a 0259440100  |b IT1  |c ACC  |i 025944  |u 20250521 
902 |a https://opac.biblio.iteso.mx/vufind/Record/000025944